000 00520nam a22001817a 4500
005 20160720151733.0
010 _aENG-115467
020 _a9789381384831
_c295.00
035 _aEN-98999
037 _bDBAD/PUB
082 _a613.7
100 _aPodder Tanushree
245 _aFit & fine in body mind /
_cTanushree Podder
260 _aNew Delhi
_bV & S Publishers
_c2014
270 _aF-2/16,Ansari Road,Daryaganj
_bNew Delhi
_e110002
300 _a 223p
_c24cm(pbk)
942 _2ddc
_cEN
_h613.7
_mPOD
999 _c101393
_d101393